More Than a Mouthful: Adventures of a Dentist (Record no. 15825)

MARC details
000 -LEADER
fixed length control field 00355nam a22001457a 4500
003 - CONTROL NUMBER IDENTIFIER
control field SGT
020 ## - INTERNATIONAL STANDARD BOOK NUMBER
International Standard Book Number 9789351369745
082 ## - DEWEY DECIMAL CLASSIFICATION NUMBER
Classification number 904
Item number M17M
100 ## - MAIN ENTRY--PERSONAL NAME
Personal name Mayekar, Sandesh
245 ## - TITLE STATEMENT
Title More Than a Mouthful: Adventures of a Dentist
260 ## - PUBLICATION, DISTRIBUTION, ETC. (IMPRINT)
Place of publication, distribution, etc NEW DELHI
Name of publisher, distributor, etc HARPER COLLINS PUBLISHER
Year of Publication 2017
300 ## - PAGE DESCRIPTION
No. of Pages 212
650 ## - SUBJECT ADDED ENTRY--TOPICAL TERM
Topical term or geographic name as entry element Adventures
942 ## - ADDED ENTRY ELEMENTS (KOHA)
Source of classification or shelving scheme Dewey Decimal Classification
Koha item type Books
942 ## - ADDED ENTRY ELEMENTS (KOHA)
-- 1
Holdings
Withdrawn status Lost status Source of classification or shelving scheme Damaged status Not for loan Home library Current library Shelving location Date acquired Vendor Name Cost, normal purchase price SGTU Bill Number Total Checkouts Full call number Accession No. (Barcode) Date last seen Date last borrowed Bill Date Koha item type Checked out
    Dewey Decimal Classification     SGT Dental Library SGT Dental Library Text Book 22/08/2018 ABC 299.00 SGTU 9974 1 904 M17M FD7983 04/01/2025 21/12/2024 31/07/2018 Books  
    Dewey Decimal Classification     SGT Dental Library SGT Dental Library Text Book 22/08/2018 ABC 299.00 SGTU 9974 2 904 M17M FD7984 20/04/2026 09/04/2026 31/07/2018 Books  
    Dewey Decimal Classification     SGT Dental Library SGT Dental Library Text Book 22/08/2018 ABC 299.00 SGTU 9974   904 M17M FD7985 22/08/2018   31/07/2018 Books  
    Dewey Decimal Classification     SGT Dental Library SGT Dental Library Text Book 22/08/2018 ABC 299.00 SGTU 9974 4 904 M17M FD7986 06/05/2026 22/04/2026 31/07/2018 Books  
    Dewey Decimal Classification     SGT Dental Library SGT Dental Library Text Book 22/08/2018 ABC 299.00 SGTU 9974   904 M17M FD7987 22/08/2018   31/07/2018 Books  
    Dewey Decimal Classification     SGT Dental Library SGT Dental Library Text Book 22/08/2018 ABC 299.00 SGTU 9974   904 M17M FD7988 22/08/2018   31/07/2018 Books  
    Dewey Decimal Classification     SGT Dental Library SGT Dental Library Text Book 22/08/2018 ABC 299.00 SGTU 9974   904 M17M FD7989 22/08/2018   31/07/2018 Books  
    Dewey Decimal Classification     SGT Dental Library SGT Dental Library Text Book 22/08/2018 ABC 299.00 SGTU 9974 1 904 M17M FD7990 05/06/2026 05/06/2026 31/07/2018 Books 19/06/2026
    Dewey Decimal Classification     SGT Dental Library SGT Dental Library Text Book 22/08/2018 ABC 299.00 SGTU 9974   904 M17M FD7991 22/08/2018   31/07/2018 Books